[Event "47th World Open"]
[Site "Philadelphia"]
[Date "2019.07.04"]
[Round "3"]
[White "Nair, Roshen"]
[Black "Kretchetov, Alexandre"]
[Result "1/2-1/2"]
[WhiteElo "1974"]
[BlackElo "2216"]
[PlyCount "82"]
[EventDate "2019.07.??"]
[EventType "swiss"]
[EventRounds "9"]
[EventCountry "USA"]

1. c4 e5 2. g3 Nc6 3. Bg2 d6 4. Nc3 Be6 5. d3 Qd7 6. Rb1 g6 7. b4 Bg7 8. Bd2 h6
9. a4 f5 10. Nd5 Nd8 11. b5 c6 12. Nb4 Nf6 13. f4 O-O 14. Nh3 e4 15. Nf2 c5 16.
Nc2 exd3 17. exd3 d5 18. Ne3 Nf7 19. O-O Rad8 20. Bc1 Rfe8 21. Bb2 d4 22. Nc2
g5 23. Bc1 Re7 24. Re1 Rde8 25. Bd2 Qd6 26. Qc1 g4 27. Qa3 h5 28. h4 gxh3 29.
Bxh3 h4 30. gxh4 Nh5 31. Qc1 Bh6 32. Kh1 Bxf4 33. Bxf4 Nxf4 34. Qd2 Kf8 35. Bg2
Bc8 36. Rxe7 Rxe7 37. Re1 Rxe1+ 38. Nxe1 Nxg2 39. Nxg2 b6 40. Qf4 Qd7 41. Kg1
Kg7 1/2-1/2

[Event "47th World Open"]
[Site "Philadelphia"]
[Date "2019.07.04"]
[Round "3"]
[White "Niemann, Hans"]
[Black "Banerjee, Abhimanyu"]
[Result "1-0"]
[WhiteElo "2467"]
[BlackElo "2037"]
[PlyCount "63"]
[EventDate "2019.07.??"]
[EventType "swiss"]
[EventRounds "9"]
[EventCountry "USA"]

1. Nf3 Nf6 2. d4 g6 3. Nc3 d5 4. Bf4 Bg7 5. e3 O-O 6. Be2 Nh5 7. Bg5 h6 8. Bh4
b6 9. Ne5 Nf6 10. Bg3 Bb7 11. h4 Nbd7 12. h5 g5 13. f4 Nxe5 14. fxg5 Nc4 15.
gxf6 Bxf6 16. Bxc4 dxc4 17. Qg4+ Kh8 18. O-O-O Qc8 19. Qf4 Bg5 20. Qf2 Qd7 21.
Kb1 b5 22. d5 c6 23. d6 Qe6 24. e4 f5 25. Qd4+ Bf6 26. e5 Bg7 27. Ne2 exd6 28.
Qxd6 Qxd6 29. exd6 Rad8 30. Nf4 Rfe8 31. d7 Rg8 32. Bh4 1-0

[Event "47th World Open"]
[Site "Philadelphia"]
[Date "2019.07.04"]
[Round "2.3"]
[White "Bruzon Batista, Lazaro"]
[Black "Daggupati, Balaji"]
[Result "1-0"]
[WhiteElo "2661"]
[BlackElo "2353"]
[PlyCount "79"]
[EventDate "2019.07.??"]
[EventType "swiss"]
[EventRounds "9"]
[EventCountry "USA"]

1. e4 e5 2. Nf3 Nc6 3. Bb5 a6 4. Ba4 Nf6 5. O-O Be7 6. Re1 b5 7. Bb3 d6 8. c3
O-O 9. a4 b4 10. a5 Rb8 11. Bc4 Be6 12. Bxa6 Ra8 13. Qe2 Ra7 14. d4 exd4 15.
cxd4 d5 16. e5 Nd7 17. Be3 Qa8 18. Bd3 Rxa5 19. Rxa5 Nxa5 20. Nbd2 c5 21. dxc5
Nc6 22. Nb3 Bg4 23. Bf4 Nxc5 24. Nxc5 Bxc5 25. Qc2 Bxf3 26. Qxc5 Be4 27. Bxe4
dxe4 28. h4 Rc8 29. Qd5 e3 30. Bxe3 Qa5 31. Qd7 Qd8 32. e6 fxe6 33. Qxe6+ Kh8
34. Rc1 Ne7 35. Rxc8 Nxc8 36. Bc5 b3 37. Qxb3 Qxh4 38. Qf7 Qd8 39. Bd4 Qg8 40.
Qd7 1-0

[Event "47th World Open"]
[Site "Philadelphia"]
[Date "2019.07.04"]
[Round "2.4"]
[White "Li, Ben"]
[Black "Melkumyan, Hrant"]
[Result "0-1"]
[WhiteElo "2358"]
[BlackElo "2658"]
[PlyCount "66"]
[EventDate "2019.07.??"]
[EventType "swiss"]
[EventRounds "9"]
[EventCountry "USA"]

1. d4 Nf6 2. c4 g6 3. Nc3 d5 4. cxd5 Nxd5 5. Na4 Nf6 6. Nf3 Bg7 7. e3 O-O 8.
Be2 Nbd7 9. O-O b6 10. b4 Bb7 11. Bb2 Ne4 12. Qc2 e6 13. Rfd1 f5 14. Rac1 Rc8
15. Bc4 Qe7 16. Qb3 Rfe8 17. d5 Bxb2 18. dxe6 Ne5 19. Nxb2 Nxf3+ 20. gxf3 Ng5
21. Rd7 Nxf3+ 22. Kf1 Qf6 23. Rcd1 Nxh2+ 24. Ke1 Nf3+ 25. Ke2 Ne5 26. Rf7 Bf3+
27. Ke1 Bxd1 28. Qxd1 Qh4 29. Qd5 Qe4 30. Qxe4 fxe4 31. Bb3 c5 32. bxc5 bxc5
33. Bd5 c4 0-1

[Event "47th World Open"]
[Site "Philadelphia"]
[Date "2019.07.04"]
[Round "2"]
[White "Nyzhnyk, Illya"]
[Black "Peredun, Andrew"]
[Result "1-0"]
[WhiteElo "2657"]
[BlackElo "2344"]
[PlyCount "141"]
[EventDate "2019.07.??"]
[EventType "swiss"]
[EventRounds "9"]
[EventCountry "USA"]

1. e4 e5 2. Nf3 Nc6 3. Nc3 Nf6 4. Bb5 Nd4 5. Bc4 Bc5 6. d3 d6 7. Na4 b5 8. Nxd4
bxc4 9. Nf5 Bxf5 10. exf5 Bb6 11. Nxb6 axb6 12. dxc4 Qd7 13. Qf3 e4 14. Qh3 Qc6
15. Qg3 Kf8 16. b3 Qc5 17. O-O Qxf5 18. f3 h5 19. fxe4 Qxe4 20. Bg5 h4 21. Qf2
h3 22. g3 Rh5 23. Bxf6 Rf5 24. Be7+ Kg8 25. Rae1 Rxf2 26. Rxe4 Rg2+ 27. Kh1 Re8
28. g4 Rxc2 29. Re3 f6 30. g5 fxg5 31. Bxg5 Rxe3 32. Bxe3 Rxa2 33. Rf3 Rc2 34.
Bg1 Rd2 35. Rxh3 d5 36. cxd5 Rxd5 37. b4 Rb5 38. Rh4 c5 39. bxc5 bxc5 40. Rh5
Rb1 41. Rxc5 Kh7 42. Kg2 Rd1 43. Be3 Rd3 44. Kf3 Rd6 45. Bf4 Ra6 46. Be5 Re6
47. Ke4 Ra6 48. Kf5 Rg6 49. Rc4 Ra6 50. Rh4+ Kg8 51. Rg4 Ra7 52. Rc4 Ra2 53.
Rc7 Rg2 54. Ra7 Kh7 55. Ra4 Rf2+ 56. Kg5 Rg2+ 57. Rg4 Ra2 58. Kf5 Ra7 59. Rc4
Ra2 60. Ke6 Kg8 61. Rc8+ Kh7 62. Rc7 Rg2 63. Rc3 Ra2 64. h3 Kg8 65. Rc8+ Kh7
66. Rc7 Rg2 67. Rc4 Ra2 68. Kf7 Ra7+ 69. Rc7 Ra5 70. Bxg7 Rg5 71. Be5 1-0

[Event "47th World Open"]
[Site "Philadelphia"]
[Date "2019.07.04"]
[Round "2"]
[White "Der Manuelian, Haik"]
[Black "Quesada Perez, Yuniesky"]
[Result "1/2-1/2"]
[WhiteElo "2323"]
[BlackElo "2626"]
[PlyCount "125"]
[EventDate "2019.07.??"]
[EventType "swiss"]
[EventRounds "9"]
[EventCountry "USA"]

1. d4 Nf6 2. c4 e6 3. g3 d5 4. Nf3 Bb4+ 5. Bd2 Bd6 6. Bg2 O-O 7. Qc2 Nbd7 8.
O-O c6 9. Bg5 h6 10. Bxf6 Nxf6 11. Nbd2 b6 12. e4 Be7 13. cxd5 cxd5 14. e5 Nd7
15. Rac1 Bb7 16. Qd3 Rc8 17. Nb3 Nb8 18. Rxc8 Qxc8 19. Rc1 Qd7 20. Nbd2 Rc8 21.
Rxc8+ Qxc8 22. Bf1 Nc6 23. Qc2 g5 24. Nb3 Nb4 25. Qxc8+ Bxc8 26. a3 Nc6 27. h4
g4 28. Ne1 f6 29. f4 Bd7 30. Kf2 Kf7 31. Nd3 f5 32. Ke3 Ke8 33. Ndc1 Kd8 34.
Na2 Bc8 35. Nc3 a6 36. Nd2 Bf8 37. Nd1 Kc7 38. Nc3 Ne7 39. Nd1 Ng6 40. Nc3 Be7
41. Bd3 Bb7 42. Nf1 h5 43. Ne2 Bc8 44. Kf2 Kb7 45. Ne3 Bd8 46. Ng2 Ne7 47. Ke3
Bd7 48. Kd2 Nc6 49. Ne3 Na5 50. Kc3 b5 51. b3 Be7 52. Kb2 Bf8 53. b4 Nc4+ 54.
Bxc4 bxc4 55. Nc3 Bc6 56. Kc1 a5 57. Nc2 Kb6 58. Kd2 Be7 59. Ke3 Bd7 60. Ke2
Ka6 61. Ke3 Bd8 62. Kf2 Be7 63. Ke3 1/2-1/2

[Event "47th World Open"]
[Site "Philadelphia"]
[Date "2019.07.04"]
[Round "2"]
[White "Wang, Jason"]
[Black "Cordova, Emilio"]
[Result "1/2-1/2"]
[WhiteElo "2293"]
[BlackElo "2615"]
[PlyCount "63"]
[EventDate "2019.07.??"]
[EventType "swiss"]
[EventRounds "9"]
[EventCountry "USA"]

1. d4 Nf6 2. c4 e6 3. Nf3 b6 4. a3 c5 5. d5 Ba6 6. Qc2 exd5 7. cxd5 g6 8. Nc3
Bg7 9. Bf4 d6 10. h4 h6 11. h5 g5 12. Bg3 O-O 13. Nxg5 hxg5 14. h6 Bh8 15. h7+
Kg7 16. f4 Re8 17. Qf5 Re3 18. Qxg5+ Kf8 19. Bf2 Rxc3 20. bxc3 Nbd7 21. Rh3
Nxh7 22. Qh6+ Bg7 23. Qxh7 Nf6 24. Qc2 Nxd5 25. O-O-O Nxf4 26. Rf3 Ne6 27. Qf5
Qg5+ 28. Kb2 Qxf5 29. Rxf5 Be5 30. e4 b5 31. a4 Bb7 32. Bxb5 1/2-1/2

[Event "47th World Open"]
[Site "Philadelphia"]
[Date "2019.07.04"]
[Round "2"]
[White "Husbands, Orlando"]
[Black "Azarov, Sergei"]
[Result "0-1"]
[WhiteElo "2289"]
[BlackElo "2601"]
[PlyCount "70"]
[EventDate "2019.07.??"]
[EventType "swiss"]
[EventRounds "9"]
[EventCountry "USA"]

1. e4 e5 2. Nf3 Nc6 3. d4 exd4 4. Nxd4 Nf6 5. Nxc6 bxc6 6. e5 Qe7 7. Qe2 Nd5 8.
c4 Nb6 9. Nc3 Qe6 10. Qe4 g6 11. Bd3 Bg7 12. O-O O-O 13. Qh4 Ba6 14. Bh6 Bxh6
15. Qxh6 Qxe5 16. Rfe1 Qg7 17. Qh3 d5 18. cxd5 Bxd3 19. Qxd3 cxd5 20. Nxd5 Nxd5
21. Qxd5 Qxb2 22. Rab1 Qf6 23. Rec1 Rab8 24. Qc5 Rxb1 25. Rxb1 Qa6 26. a3 Re8
27. h3 h5 28. Rd1 Qb6 29. Rc1 Re1+ 30. Kh2 Rxc1 31. Qxc1 Qd6+ 32. Kg1 c5 33.
Qc4 Qd4 34. Qa6 c4 35. a4 Qc5 0-1

[Event "47th World Open"]
[Site "Philadelphia"]
[Date "2019.07.04"]
[Round "2"]
[White "Andriasian, Zaven"]
[Black "Baker, Vincent"]
[Result "1-0"]
[WhiteElo "2589"]
[BlackElo "2278"]
[PlyCount "79"]
[EventDate "2019.07.??"]
[EventType "swiss"]
[EventRounds "9"]
[EventCountry "USA"]

1. e4 c5 2. Nc3 Nc6 3. Bb5 g6 4. Bxc6 dxc6 5. d3 e5 6. f4 exf4 7. Bxf4 Bg7 8.
Qd2 Nf6 9. Nf3 O-O 10. O-O Be6 11. Rae1 Nh5 12. Bh6 f6 13. Bxg7 Kxg7 14. Ne2
Qc7 15. Rf2 Rae8 16. h3 Ng3 17. Nf4 g5 18. Nxe6+ Rxe6 19. Qc3 h6 20. Qxc5 Rfe8
21. Nd4 Re5 22. Qc3 Qd6 23. Re3 c5 24. Nf3 Rf5 25. Qd2 Rf4 26. Nxg5 Nh5 27. Nf3
Kh7 28. Nh2 Ng7 29. Ref3 Rxf3 30. Rxf3 h5 31. Qf2 Rf8 32. Nf1 Qe5 33. Ng3 Qxb2
34. Qxc5 Rf7 35. Nxh5 Nxh5 36. Qxh5+ Kg7 37. e5 Qd4+ 38. Kh2 f5 39. e6 Qe5+ 40.
Rg3+ 1-0

[Event "47th World Open"]
[Site "Philadelphia"]
[Date "2019.07.04"]
[Round "2"]
[White "Homa, Seth"]
[Black "Erenburg, Sergey"]
[Result "0-1"]
[WhiteElo "2281"]
[BlackElo "2574"]
[PlyCount "60"]
[EventDate "2019.07.??"]
[EventType "swiss"]
[EventRounds "9"]
[EventCountry "USA"]

1. c4 c6 2. Nf3 d5 3. e3 Nf6 4. Nc3 e6 5. b3 Bd6 6. Qc2 O-O 7. Bb2 Nbd7 8. Be2
b6 9. Rg1 Bb7 10. g4 c5 11. g5 Ne4 12. cxd5 exd5 13. Nxe4 dxe4 14. Qc3 f6 15.
gxf6 Rxf6 16. Bb5 exf3 17. Bxd7 Kh8 18. O-O-O Be4 19. d3 Bg6 20. Bc6 Bxh2 21.
Rh1 Rc8 22. Bxf3 Qc7 23. Bg4 Re8 24. f4 Bxf4 25. exf4 Qxf4+ 26. Qd2 Qxg4 27.
Bxf6 gxf6 28. Qc3 Qf4+ 29. Kb1 Re3 30. Rhe1 Qd4 0-1

[Event "47th World Open"]
[Site "Philadelphia"]
[Date "2019.07.04"]
[Round "2"]
[White "Chirila, Ioan-Cristian"]
[Black "Itkin, David"]
[Result "1-0"]
[WhiteElo "2534"]
[BlackElo "2247"]
[PlyCount "103"]
[EventDate "2019.07.??"]
[EventType "swiss"]
[EventRounds "9"]
[EventCountry "USA"]

1. Nf3 Nf6 2. g3 g6 3. Bg2 Bg7 4. O-O O-O 5. d4 d6 6. a4 a5 7. Nc3 Na6 8. e4 c6
9. h3 e5 10. Be3 exd4 11. Bxd4 Re8 12. Re1 Nb4 13. Qd2 h6 14. Rad1 Kh7 15. g4
Ng8 16. Bxg7 Kxg7 17. e5 d5 18. Ne2 f5 19. gxf5 Bxf5 20. Nfd4 Qd7 21. Nxf5+
Qxf5 22. Nd4 Qh5 23. f4 Na6 24. Qf2 Nc5 25. Ne2 Ne4 26. Bxe4 dxe4 27. Kg2 Ne7
28. Ng3 Qf3+ 29. Qxf3 exf3+ 30. Kxf3 Rad8 31. Ne4 Nf5 32. Nf6 Rf8 33. c3 Kf7
34. Nd7 Rfe8 35. Rd3 Ng7 36. Red1 Ne6 37. b4 axb4 38. cxb4 Ke7 39. Ke4 Nc7 40.
Nf6 Rxd3 41. Rxd3 Rd8 42. Rxd8 Kxd8 43. f5 gxf5+ 44. Kxf5 b5 45. a5 Na6 46. Ke6
Kc7 47. Kf7 c5 48. e6 Kc6 49. e7 Nc7 50. a6 cxb4 51. a7 Kb7 52. Nd5 1-0

[Event "47th World Open"]
[Site "Philadelphia"]
[Date "2019.07.04"]
[Round "2"]
[White "Gorovets, Andrey"]
[Black "Canty, James"]
[Result "1-0"]
[WhiteElo "2517"]
[BlackElo "2233"]
[PlyCount "115"]
[EventDate "2019.07.??"]
[EventType "swiss"]
[EventRounds "9"]
[EventCountry "USA"]

1. d4 Nf6 2. Bf4 g6 3. Nc3 d5 4. e3 Bg7 5. h4 c5 6. Nb5 Na6 7. c3 Bd7 8. a4 O-O
9. Nf3 cxd4 10. exd4 Ng4 11. Be2 f6 12. O-O Bf5 13. Bg3 Qd7 14. Qb3 Kh8 15.
Rad1 Rfd8 16. Rfe1 e5 17. dxe5 fxe5 18. Qa2 Be6 19. Qa3 Bg8 20. Bf1 Qf5 21. Qe7
Bf6 22. Qxb7 Nc5 23. Qc7 Rdc8 24. Qa5 Nb7 25. Qb4 e4 26. Nbd4 Qd7 27. Bb5 Qg7
28. Ba6 Nc5 29. Bxc8 Rxc8 30. Nh2 Ne5 31. Bxe5 Bxe5 32. Ng4 Bb8 33. Ne2 h5 34.
Ne3 Qf6 35. Nxd5 Bxd5 36. Rxd5 Nd3 37. Rxd3 exd3 38. Qd4 Be5 39. Qxd3 Qxh4 40.
Ng3 Qg5 41. Qb5 Bf4 42. Qxg5 Bxg5 43. Ne4 Be7 44. a5 Rb8 45. b4 Rc8 46. Rd1 Rc7
47. f3 Kg7 48. Kf2 Kf7 49. Rd5 Ke6 50. Rb5 Bf8 51. Ke3 Bh6+ 52. Kd3 Rd7+ 53.
Kc2 Rc7 54. Rc5 Rb7 55. Rc6+ Ke5 56. Rxg6 Be3 57. Kd3 Bg1 58. Rg5+ 1-0

[Event "47th World Open"]
[Site "Philadelphia"]
[Date "2019.07.04"]
[Round "2"]
[White "Kavutskiy, Konstantin"]
[Black "Gluckman, David"]
[Result "1-0"]
[WhiteElo "2412"]
[BlackElo "2177"]
[PlyCount "93"]
[EventDate "2019.07.??"]
[EventType "swiss"]
[EventRounds "9"]
[EventCountry "USA"]

1. d4 e6 2. c4 f5 3. g3 Nf6 4. Bg2 d5 5. Nd2 c6 6. Nh3 Bd6 7. Qc2 O-O 8. O-O
Bd7 9. Nf3 a5 10. Bf4 Be7 11. Ne5 Nh5 12. Bd2 Bc8 13. e3 Nd7 14. Nd3 Ndf6 15.
f3 Ne8 16. c5 g6 17. a3 Bf6 18. Kh1 Bg7 19. Ng1 Nhf6 20. Ne2 Nd7 21. Bc3 a4 22.
Rae1 Rf7 23. Nef4 Nc7 24. e4 Re7 25. Qe2 Bf8 26. g4 g5 27. Nh5 f4 28. h4 h6 29.
Qc2 Bg7 30. e5 Nf8 31. Nf2 Bd7 32. Nh3 Rf7 33. Rf2 Be8 34. Bf1 Rd7 35. Bd3 Nb5
36. Rh2 Nxc3 37. bxc3 b6 38. cxb6 Rb7 39. Rb1 Rab8 40. Qd2 Rxb6 41. Rxb6 Rxb6
42. Nxg7 Kxg7 43. hxg5 hxg5 44. Nxf4 gxf4 45. Qxf4 Rb8 46. Rh8 Kxh8 47. Qxf8#
1-0

[Event "47th World Open"]
[Site "Philadelphia"]
[Date "2019.07.04"]
[Round "2"]
[White "Katz, Alexander"]
[Black "Mahajan, Rushaan"]
[Result "1/2-1/2"]
[WhiteElo "2429"]
[BlackElo "1889"]
[PlyCount "83"]
[EventDate "2019.07.??"]
[EventType "swiss"]
[EventRounds "9"]
[EventCountry "USA"]

1. e4 c5 2. c3 e6 3. d4 Nf6 4. Bd3 Nc6 5. Nf3 d6 6. O-O Be7 7. Qe2 a6 8. dxc5
dxc5 9. e5 Nd5 10. a4 b6 11. Na3 Bb7 12. Rd1 Qc7 13. Nc4 h6 14. g3 g5 15. Nfd2
Rg8 16. a5 b5 17. Nd6+ Bxd6 18. exd6 Qxd6 19. Ne4 Qe7 20. Be3 Nf4 21. Bxc5
Nxe2+ 22. Bxe2 Nxa5 23. Bxe7 Bxe4 24. Bb4 Nc4 25. f3 Bd5 26. b3 Ne5 27. Kf2 f6
28. c4 bxc4 29. bxc4 Nxc4 30. Bxc4 Bxc4 31. Rac1 Bd5 32. Rc7 a5 33. Ba3 Kd8 34.
Rdc1 Rb8 35. Be7+ Ke8 36. Bxf6 Rb7 37. Rxb7 Bxb7 38. Rc7 Bd5 39. Re7+ Kf8 40.
Ra7 Ke8 41. Ke3 Rf8 42. Re7+ 1/2-1/2

[Event "47th World Open"]
[Site "Philadelphia"]
[Date "2019.07.04"]
[Round "2"]
[White "Luo, Terry"]
[Black "Fedorowicz, John"]
[Result "1/2-1/2"]
[WhiteElo "2043"]
[BlackElo "2420"]
[PlyCount "44"]
[EventDate "2019.07.??"]
[EventType "swiss"]
[EventRounds "9"]
[EventCountry "USA"]

1. d4 Nf6 2. c4 c5 3. d5 b5 4. cxb5 a6 5. bxa6 g6 6. Nc3 Bxa6 7. g3 d6 8. Bg2
Bg7 9. Nf3 Nbd7 10. Rb1 Nb6 11. b3 Bc8 12. Nd2 Bb7 13. Nc4 Nfd7 14. Bd2 O-O 15.
Nxb6 Nxb6 16. O-O Ra3 17. Bc1 Ra5 18. Bd2 Qa8 19. a4 Ra6 20. e4 c4 21. a5 Rxa5
22. Na4 Rb5 1/2-1/2

[Event "47th World Open"]
[Site "Philadelphia"]
[Date "2019.07.04"]
[Round "2"]
[White "Liang, Jason"]
[Black "Niemann, Hans"]
[Result "1/2-1/2"]
[WhiteElo "2049"]
[BlackElo "2467"]
[PlyCount "102"]
[EventDate "2019.07.??"]
[EventType "swiss"]
[EventRounds "9"]
[EventCountry "USA"]

1. d4 Nf6 2. Bf4 g6 3. Nc3 d5 4. Qd2 Bg7 5. Bh6 Bxh6 6. Qxh6 c5 7. e3 Qa5 8.
O-O-O Nc6 9. dxc5 Qxc5 10. Nf3 Bg4 11. Be2 Rc8 12. Nd4 Bxe2 13. Ndxe2 b5 14.
Nd4 Nxd4 15. exd4 Qc4 16. a3 a5 17. Rhe1 Ne4 18. Qg7 Rf8 19. Qe5 e6 20. Rxe4
dxe4 21. d5 b4 22. dxe6 Qc7 23. Rd6 bxc3 24. Qb5+ Ke7 25. Rd7+ Kf6 26. Rxc7
Rxc7 27. e7 cxb2+ 28. Qxb2+ Kxe7 29. Qe5+ Kd7 30. Qd5+ Ke7 31. Qxe4+ Kd7 32.
Qd5+ Ke7 33. Qxa5 Rfc8 34. Qe5+ Kf8 35. Qb2 Kg8 36. h4 h5 37. Qb3 Rc3 38. Qb2
R3c4 39. g3 Rc3 40. Kd2 R3c5 41. Qb3 Rf5 42. Qe3 Rfc5 43. Qb3 Rf5 44. Qe3 Kh7
45. Kc1 Rc6 46. f4 Rfc5 47. Qb3 Re6 48. Qb7 Kg7 49. Qb2+ Kh7 50. Qb7 Kg7 51.
Qb2+ Kh7 1/2-1/2

[Event "47th World Open"]
[Site "Philadelphia"]
[Date "2019.07.04"]
[Round "2"]
[White "Venkat, Raghav"]
[Black "Rogers, Norman"]
[Result "1-0"]
[WhiteElo "2012"]
[BlackElo "2182"]
[PlyCount "97"]
[EventDate "2019.07.??"]
[EventType "swiss"]
[EventRounds "9"]
[EventCountry "USA"]

1. d4 Nf6 2. Nc3 c5 3. dxc5 Qa5 4. Nf3 Na6 5. a3 Ne4 6. Bd2 Nxd2 7. Nxd2 Qxc5
8. e4 e6 9. Bd3 Be7 10. O-O O-O 11. Kh1 Bf6 12. Nb3 Qb6 13. f4 g6 14. e5 Bg7
15. Ne4 d5 16. Nd6 Rd8 17. a4 Rxd6 18. exd6 Bxb2 19. Rb1 Bg7 20. Qd2 Qxd6 21.
Bxa6 bxa6 22. Qa5 Bf8 23. Nd4 Be7 24. c3 h5 25. h3 Bd8 26. Qb4 Qc7 27. Nf3 Be7
28. Qd4 Bc5 29. Qf6 Be7 30. Qd4 Bd7 31. Ne5 Bf6 32. Rfe1 Rc8 33. Re3 Be8 34.
Qd3 g5 35. g3 d4 36. cxd4 Bxa4 37. Rbe1 Qb7+ 38. Kg1 Rd8 39. f5 Bb5 40. Qb1 Qc8
41. Rc1 Qb7 42. fxe6 Bxe5 43. Rxe5 Qe7 44. exf7+ Qxf7 45. Rxg5+ Kh8 46. Rf5 Qh7
47. Rcc5 Be2 48. Qe4 Bd1 49. g4 1-0

[Event "47th World Open"]
[Site "Philadelphia"]
[Date "2019.07.03"]
[Round "1.3"]
[White "Marrero Lopez, Yaniet"]
[Black "Bruzon Batista, Lazaro"]
[Result "0-1"]
[WhiteElo "2193"]
[BlackElo "2661"]
[PlyCount "84"]
[EventDate "2019.07.??"]
[EventType "swiss"]
[EventRounds "9"]
[EventCountry "USA"]

1. e4 c5 2. Nf3 d6 3. d4 cxd4 4. Nxd4 Nf6 5. Nc3 a6 6. g3 e5 7. Nf3 Be7 8. Nh4
O-O 9. Bg2 g6 10. a4 Nc6 11. O-O Bd7 12. Bh6 Re8 13. Qd2 Ng4 14. Nf3 Nxh6 15.
Qxh6 Nb4 16. Qd2 Rc8 17. Rfd1 Be6 18. h3 Rc5 19. Ne1 Qc7 20. Kh2 Rc8 21. Bf3 h5
22. h4 Nc6 23. Ne2 Nb8 24. c3 a5 25. Nc2 Nd7 26. Ne3 Nf6 27. Nc1 Qb6 28. Nd3
R5c7 29. Bg2 Bf8 30. Nd5 Bxd5 31. exd5 e4 32. Nf4 Ng4+ 33. Kg1 e3 34. fxe3 Re8
35. Re1 Rce7 36. Kh1 Rxe3 37. Rxe3 Rxe3 38. Ne2 Bh6 39. Qc2 Rd3 40. Nd4 Rxg3
41. Qe2 Re3 42. Qf1 Qxb2 0-1

[Event "47th World Open"]
[Site "Philadelphia"]
[Date "2019.07.03"]
[Round "1.4"]
[White "Melkumyan, Hrant"]
[Black "Li, Eric"]
[Result "1-0"]
[WhiteElo "2658"]
[BlackElo "2190"]
[PlyCount "49"]
[EventDate "2019.07.??"]
[EventType "swiss"]
[EventRounds "9"]
[EventCountry "USA"]

1. c4 e5 2. g3 Nf6 3. Bg2 c6 4. Nf3 e4 5. Nd4 Qb6 6. Nb3 a5 7. d3 a4 8. N3d2 d5
9. cxd5 cxd5 10. dxe4 dxe4 11. Nxe4 Nxe4 12. Bxe4 Bh3 13. Nc3 Bb4 14. Qd5 a3
15. Qh5 Qd4 16. Qxh3 axb2 17. Qc8+ Ke7 18. Qc7+ Nd7 19. Bxb2 Rhc8 20. O-O Bxc3
21. Qxb7 Bxb2 22. Rad1 Qa4 23. Bf5 Qxa2 24. Qxd7+ Kf6 25. Rd6+ 1-0

[Event "47th World Open"]
[Site "Philadelphia"]
[Date "2019.07.03"]
[Round "1"]
[White "Rogers, Norman"]
[Black "Nyzhnyk, Illya"]
[Result "0-1"]
[WhiteElo "2182"]
[BlackElo "2657"]
[PlyCount "78"]
[EventDate "2019.07.??"]
[EventType "swiss"]
[EventRounds "9"]
[EventCountry "USA"]

1. e4 c6 2. d4 d5 3. Nc3 dxe4 4. Nxe4 Bf5 5. Ng3 Bg6 6. h4 h6 7. Nf3 Nd7 8. h5
Bh7 9. Bd3 Bxd3 10. Qxd3 e6 11. Bf4 Bb4+ 12. c3 Be7 13. O-O-O Ngf6 14. Ne4 Nxe4
15. Qxe4 Nf6 16. Qe2 Qa5 17. Ne5 Qxa2 18. Kc2 Qa4+ 19. Kb1 Rd8 20. Rde1 Qb5 21.
c4 Qb4 22. Bd2 Qd6 23. Bc3 O-O 24. g4 b5 25. f4 bxc4 26. Qxc4 Nd5 27. g5 hxg5
28. f5 exf5 29. Nxc6 Bf6 30. Nxd8 Rxd8 31. Ba5 Rb8 32. h6 gxh6 33. Rxh6 Kg7 34.
Rh3 g4 35. Rd3 Qd7 36. Rd2 f4 37. Re5 Rb5 38. Bc3 Nxc3+ 39. Qxc3 Bxe5 0-1

[Event "47th World Open"]
[Site "Philadelphia"]
[Date "2019.07.03"]
[Round "1"]
[White "Robson, Ray"]
[Black "Huang, Andy"]
[Result "1-0"]
[WhiteElo "2652"]
[BlackElo "2292"]
[PlyCount "101"]
[EventDate "2019.07.??"]
[EventType "swiss"]
[EventRounds "9"]
[EventCountry "USA"]

1. e4 c5 2. Nf3 Nc6 3. d4 cxd4 4. Nxd4 g6 5. c4 Bg7 6. Nc2 Nf6 7. Nc3 d6 8. Be2
O-O 9. O-O Nd7 10. Bd2 a5 11. b3 Nc5 12. Rc1 f5 13. exf5 Bxf5 14. Nd5 e6 15.
Nde3 Bd3 16. Bxd3 Nxd3 17. Rb1 Qe7 18. Ne1 Nc5 19. Nf3 Ne4 20. Be1 Nc3 21. Bxc3
Bxc3 22. Rc1 Bb4 23. Nd2 Rad8 24. Nc2 Bc5 25. Ne4 Ba7 26. Qe2 d5 27. Ng3 Rf6
28. cxd5 exd5 29. Qxe7 Nxe7 30. Ne1 Rc6 31. Nd3 Rxc1 32. Rxc1 Rc8 33. Rxc8+
Nxc8 34. Ne2 Kf7 35. Nc3 Ke6 36. Kf1 g5 37. Nb5 Bb6 38. Ke2 Na7 39. Nxa7 Bxa7
40. g4 Bb6 41. f4 gxf4 42. Kf3 Bd4 43. Kxf4 b6 44. h4 Bf6 45. g5 Bg7 46. Kg4
Bf8 47. Nf4+ Kd6 48. Kf5 Bg7 49. Ne6 d4 50. Nxg7 d3 51. Ke4 1-0

[Event "47th World Open"]
[Site "Philadelphia"]
[Date "2019.07.03"]
[Round "1"]
[White "Tsay, Vincent"]
[Black "Durarbayli, Vasif"]
[Result "0-1"]
[WhiteElo "2167"]
[BlackElo "2637"]
[PlyCount "56"]
[EventDate "2019.07.??"]
[EventType "swiss"]
[EventRounds "9"]
[EventCountry "USA"]

1. d4 Nf6 2. Nf3 b6 3. g3 Bb7 4. Bg2 e6 5. c4 Be7 6. O-O O-O 7. Re1 Na6 8. Nc3
Ne4 9. Bf4 f5 10. Qc2 Nb4 11. Qb3 Nc6 12. Nb5 g5 13. Be3 f4 14. gxf4 gxf4 15.
Bc1 a6 16. Na3 Kh8 17. Nc2 d5 18. Qd3 Bd6 19. cxd5 exd5 20. Rf1 Rg8 21. Kh1 Qf6
22. Bd2 Rxg2 23. Kxg2 Rg8+ 24. Kh1 Qg7 25. Nce1 Bc8 26. Bc3 Nb4 27. Rg1 Qxg1+
28. Nxg1 Nxd3 0-1

[Event "47th World Open"]
[Site "Philadelphia"]
[Date "2019.07.03"]
[Round "1"]
[White "Cordova, Emilio"]
[Black "Castillo, Josue Natanael"]
[Result "1-0"]
[WhiteElo "2615"]
[BlackElo "2156"]
[PlyCount "89"]
[EventDate "2019.07.??"]
[EventType "swiss"]
[EventRounds "9"]
[EventCountry "USA"]

1. Nf3 Nf6 2. c4 c6 3. b3 g6 4. Bb2 Bg7 5. g3 O-O 6. Bg2 d5 7. O-O Bf5 8. d3
Re8 9. Nbd2 Nbd7 10. Nd4 Bg4 11. h3 e5 12. Nxc6 bxc6 13. hxg4 Nxg4 14. cxd5
cxd5 15. Bxd5 Qg5 16. Nf3 Qh5 17. Kg2 Rad8 18. e4 g5 19. Qe2 Qg6 20. Rac1 Rc8
21. Rxc8 Rxc8 22. Nd4 exd4 23. Qxg4 Rc7 24. Qe2 g4 25. Bc4 h5 26. f4 gxf3+ 27.
Qxf3 Ne5 28. Qf5 Qg4 29. Qxg4 Nxg4 30. Bc1 Ne5 31. Rh1 Rc5 32. a4 Nxc4 33. dxc4
Re5 34. Kf3 f5 35. exf5 Rxf5+ 36. Bf4 Kf7 37. Ke4 Ke6 38. b4 Bf8 39. b5 Bc5 40.
a5 Kf6 41. g4 Rxf4+ 42. Kxf4 hxg4 43. Rh6+ Ke7 44. Kxg4 d3 45. Kf3 1-0

[Event "47th World Open"]
[Site "Philadelphia"]
[Date "2019.07.03"]
[Round "1"]
[White "Barretto, Franz"]
[Black "Andriasian, Zaven"]
[Result "0-1"]
[WhiteElo "2146"]
[BlackElo "2589"]
[PlyCount "94"]
[EventDate "2019.07.??"]
[EventType "swiss"]
[EventRounds "9"]
[EventCountry "USA"]

1. d4 g6 2. Nf3 Bg7 3. c3 Nf6 4. h3 c5 5. dxc5 O-O 6. Be3 Na6 7. Nbd2 Qc7 8.
Nb3 b6 9. cxb6 axb6 10. g3 Nc5 11. Bg2 Bb7 12. O-O Rfd8 13. Nfd4 Bxg2 14. Kxg2
d5 15. f4 Nfe4 16. Rf3 e6 17. Nb5 Qd7 18. Nxc5 bxc5 19. a4 Qc6 20. Kh2 h5 21.
Rc1 c4 22. Ra1 Ra6 23. Rf1 Rda8 24. Qc2 Ra5 25. Bd4 Bf8 26. Rfd1 Be7 27. h4 Bc5
28. e3 Be7 29. b4 cxb3 30. Qxb3 Nc5 31. Bxc5 Qxc5 32. Nd4 Bd6 33. Qb4 Qxb4 34.
cxb4 Bxb4 35. Nc6 Rxa4 36. Rxa4 Rxa4 37. Nxb4 Rxb4 38. Kg2 Kg7 39. Kf3 Rb3 40.
Kf2 Kf6 41. Rd2 Kf5 42. Kf3 f6 43. Rd1 Rb5 44. Rd4 Rc5 45. Ra4 e5 46. fxe5 fxe5
47. Ra6 Rc2 0-1